La Iglesia y la Parroquia de Belvis de la Jara, lugar del Arcedianato de Talavera / (Record no. 84566)

MARC details
000 -LEADER
campo de control de longitud fija 00919nam a2200205 i 4500
001 - NÚMERO DE CONTROL
campo de control 84566
003 - IDENTIFICADOR DE NÚMERO DE CONTROL
campo de control ES-MaACL
005 - FECHA Y HORA DE LA ÚLTIMA TRANSACCIÓN
campo de control 20250531063029.0
007 - CAMPO FIJO DE DESCRIPCIÓN FÍSICA--INFORMACIÓN GENERAL
campo de control de longitud fija t|
008 - DATOS DE LONGITUD FIJA--INFORMACIÓN GENERAL
campo de control de longitud fija 041123q1953 sp ||||1| spa d
100 1# - ENTRADA PRINCIPAL--NOMBRE DE PERSONA
Nombre de persona Jiménez de Gregorio, Fernando,
Fechas asociadas al nombre 1911-2012
9 (RLIN) 66505
245 13 - MENCIÓN DEL TÍTULO
Título La Iglesia y la Parroquia de Belvis de la Jara, lugar del Arcedianato de Talavera /
Mención de responsabilidad, etc. por Fernando Jiménez de Gregorio.
260 ## - PUBLICACIÓN, DISTRIBUCIÓN, ETC.
Lugar de publicación, distribución, etc. Toledo :
Nombre del editor, distribuidor, etc. Real Academia de Bellas Artes y Ciencias Históricas de Toledo,
Fecha de publicación, distribución, etc. [1953?] (
Fabricante Imp. Gómez Menor)
300 ## - DESCRIPCIÓN FÍSICA
Extensión 43 p., 2 lám. :
Otras características físicas il. ;
Dimensiones 25 cm.
500 ## - NOTA GENERAL
Nota general Es el cuaderno núm. 1.
500 ## - NOTA GENERAL
Nota general Es separata de: Boletín de la Real Academia de Bellas Artes y Ciencias Históricas de Toledo. Años XXVIII-XXIX. Nº 64-65.
710 2# - ENTRADA AGREGADA--NOMBRE DE ENTIDAD CORPORATIVA
Nombre de entidad corporativa o nombre de jurisdicción como elemento de entrada Real Academia de Bellas Artes y Ciencias Históricas de Toledo.
9 (RLIN) 6297
852 ## - LOCALIZACIÓN
Ubicación ES-MaACL
Número de control de estantería 1951-F-20
Sublocalización o colección R.34792
Holdings
Estatus retirado Estado de pérdida Estado de daño No para préstamo Colección Biblioteca de origen Biblioteca actual Ubicación en estantería Fecha de adquisición Fuente de adquisición Total de préstamos Signatura topográfica completa Código de barras Visto por última vez Precio de reemplazo Tipo de ítem Koha
        Colección de folletos Biblioteca del Ateneo de Madrid Biblioteca del Ateneo de Madrid Depósito folletos 17/01/2008     1951-F-20 1088375 23/02/2023 23/02/2023 Folleto